| 000 | 00907nam a22002777a 4500 | ||
|---|---|---|---|
| 003 | CHAP | ||
| 005 | 20220329140946.0 | ||
| 008 | 971013s r 00010 d | ||
| 010 | _a60443 | ||
| 011 | _a61415 | ||
| 035 | _a65579 | ||
| 040 | _cCHAP | ||
| 090 | _aR-3750 | ||
| 100 | 0 | 0 |
_aRzedowski Rotter, Jerzy. _9101052 |
| 245 | 1 | _aNota sobre el bosque mesófilo de montaña en el Valle de México | |
| 500 | _aSobretiro de: Anales de la Esc. Nac. de Ciencias Biológicas 18: 91-106, 1970 | ||
| 590 |
_aBATCH-UPD _b10 _c20130110 _lUCH01 _h0419 |
||
| 590 |
_aBATCH-UPD _b10 _c20130110 _lUCH01 _h2302 |
||
| 590 |
_aBATCH-UPD _b10 _c20130410 _lUCH01 _h0054 |
||
| 590 |
_aBATCH-UPD _b10 _c20130914 _lUCH01 _h0717 |
||
| 590 |
_aCONVERSION _b10 _c20130109 _lUCH01 _h1332 |
||
| 650 | 1 | 4 |
_aBosques _xValle de México. _914408 |
| 901 | _aBK | ||
| 942 | _cREIMP | ||
| 949 |
_aR-3750 _bBC _cR _d33724000640074 _eTS1 _i65579 _si |
||
| 999 |
_c60443 _d60443 |
||